John Colecliffe and Another v Richard Thompson (Record no. 81644)

MARC details
000 -LEADER
fixed length control field 01161cad a22001935a 4500
001 - CONTROL NUMBER
control field E147798
008 - FIXED-LENGTH DATA ELEMENTS--GENERAL INFORMATION
fixed length control field 090618e20090401xxk v 000 0 eng d
035 ## - SYSTEM CONTROL NUMBER
System control number (Sirsi) u147798
041 0# - LANGUAGE CODE
Language code of text/sound track or separate title eng
245 00 - TITLE STATEMENT
Title John Colecliffe and Another v Richard Thompson
Remainder of title opinion
Medium [electronic resource]
260 ## - PUBLICATION, DISTRIBUTION, ETC.
Date of publication, distribution, etc. 2008
520 ## - SUMMARY, ETC.
Summary, etc. LTS/TC/2008/38 1 April 2009. Concerned an application under the Title Conditions (Scotland) Act 2003 S90(1)(a)(i) to discharge a servitude right of access across the applicants' property to the respondent's property, which is a modern house built near of the applicants' on land sold by the previous owners of the applicants' property. The respondents opposed the application. "Held": application granted, on the condition that signage is provided directing visitors to the new entrance.
650 24 - SUBJECT ADDED ENTRY--TOPICAL TERM
Topical term or geographic name entry element COLECLIFFE AND ANOR V THOMPSON
650 24 - SUBJECT ADDED ENTRY--TOPICAL TERM
Topical term or geographic name entry element TITLE CONDITIONS (SCOTLAND) ACT 2003
651 #4 - SUBJECT ADDED ENTRY--GEOGRAPHIC NAME
Geographic name Scotland
Chronological subdivision 1999-
690 ## - LOCAL SUBJECT ADDED ENTRY--TOPICAL TERM (OCLC, RLIN)
Topical term or geographic name as entry element Planning and development
9 (RLIN) 6259
856 40 - ELECTRONIC LOCATION AND ACCESS
Uniform Resource Identifier <a href="https://www.lands-tribunal-scotland.org.uk/decisions/LTS.TC.2008.38.html">https://www.lands-tribunal-scotland.org.uk/decisions/LTS.TC.2008.38.html</a>
Public note View the decision free of charge at www.lands-tribunal-scotland.org.uk...
942 ## - ADDED ENTRY ELEMENTS (KOHA)
Suppress in OPAC 0
Holdings
Withdrawn status Lost status Source of classification or shelving scheme Damaged status Not for loan Home library Current library Shelving location Date acquired Total Checkouts Full call number Barcode Date last seen Copy number Price effective from Koha item type
    Dewey Decimal Classification     Virtual Virtual Online 18/06/2009   ONLINE PUBLICATION 147798-2001 06/08/2019 1 06/08/2019 Law report